[Event "40º Torneo Internacional de Ajedrez de "]
[Site "La Roda (Albacete) - ESPAÑA"]
[Date "2013.03.31"]
[Round "9"]
[White "Moskalenko, Viktor"]
[Black "Santos, Antonio P"]
[Result "1-0"]
[WhiteElo "2531"]
[BlackElo "2247"]
[PlyCount "81"]
[EventDate "2013.03.27"]
[EventRounds "9"]
[EventCountry "ESP"]

1. d4 Nf6 2. Bg5 Ne4 3. Bf4 c5 4. f3 Qa5+ 5. c3 Nf6 6. d5 d6 7. e4 g6 8. Bd2
Bg7 9. c4 Qc7 10. Nc3 O-O 11. Bd3 Nbd7 12. b3 a6 13. a4 Nh5 14. Nge2 e5 15. Qc2
Qd8 16. O-O g5 17. Ng3 Nxg3 18. hxg3 g4 19. fxg4 h6 20. Be2 Kh7 21. g5 hxg5 22.
Bg4 Nb6 23. Qd1 f6 24. a5 Bxg4 25. Qxg4 Nc8 26. Na4 Ne7 27. Nb6 Rb8 28. Nd7 Qc7
29. Qh3+ Kg6 30. Qe6 Rbd8 31. Nxf8+ Rxf8 32. Rf2 Kh7 33. Raf1 Ng6 34. Qf5 Qe7
35. g4 Qe8 36. g3 Kg8 37. b4 Nh8 38. bxc5 dxc5 39. Rh2 Qc8 40. Qh7+ Kf7 41.
Bxg5 1-0

[Event "40º Torneo Internacional de Ajedrez de "]
[Site "La Roda (Albacete) - ESPAÑA"]
[Date "2013.03.31"]
[Round "9"]
[White "Strikovic, Aleksa"]
[Black "Jimenez Martinez, Jose Vicente"]
[Result "1-0"]
[WhiteElo "2500"]
[BlackElo "2244"]
[PlyCount "45"]
[EventDate "2013.03.27"]
[EventRounds "9"]
[EventCountry "ESP"]

1. c4 g6 2. d4 Bg7 3. e4 d6 4. Nc3 Nf6 5. f3 O-O 6. Bg5 c5 7. d5 e6 8. Qd2 exd5
9. cxd5 a6 10. a4 h6 11. Be3 Nbd7 12. Nh3 Ne5 13. Nf2 h5 14. h3 Qa5 15. f4 Ned7
16. Ra3 Qb4 17. a5 b5 18. Be2 Bb7 19. O-O c4 20. Qc2 Nh7 21. Nfd1 Nc5 22. Na2
Qb3 23. Qb1 1-0

[Event "40º Torneo Internacional de Ajedrez de "]
[Site "La Roda (Albacete) - ESPAÑA"]
[Date "2013.03.31"]
[Round "9"]
[White "Campora, Daniel H"]
[Black "Mingarro Carceller, Sergi"]
[Result "1-0"]
[WhiteElo "2483"]
[BlackElo "2210"]
[PlyCount "77"]
[EventDate "2013.03.27"]
[EventRounds "9"]
[EventCountry "ESP"]

1. e4 e6 2. d4 d5 3. Nc3 Nf6 4. e5 Nfd7 5. f4 c5 6. Nf3 Nc6 7. Be3 Be7 8. Qd2
O-O 9. g3 Qa5 10. Ne2 Qc7 11. Bg2 b5 12. O-O b4 13. Rf2 Na5 14. b3 Bb7 15. g4
f6 16. Re1 Rac8 17. Ng3 fxe5 18. fxe5 Nc6 19. dxc5 Ndxe5 20. Nxe5 Nxe5 21. Qxb4
a5 22. Qd4 Nd7 23. Nh5 Nf6 24. Nxf6+ Bxf6 25. Qd2 Be5 26. h3 Bh2+ 27. Kh1 Bg3
28. Rxf8+ Rxf8 29. Rd1 Kh8 30. Bg1 Rd8 31. c3 Bc6 32. a3 Rb8 33. b4 axb4 34.
axb4 Ra8 35. Qe2 Bd7 36. b5 Qe5 37. Qxe5 Bxe5 38. c4 Ra2 39. c6 1-0

[Event "40º Torneo Internacional de Ajedrez de "]
[Site "La Roda (Albacete) - ESPAÑA"]
[Date "2013.03.31"]
[Round "9"]
[White "Tudela Corbalan, Carlos"]
[Black "Starostits, Ilmars"]
[Result "0-1"]
[WhiteElo "2232"]
[BlackElo "2470"]
[PlyCount "79"]
[EventDate "2013.03.27"]
[EventRounds "9"]
[EventCountry "ESP"]

1. e4 c6 2. d4 d5 3. e5 Bf5 4. c4 e6 5. Nc3 Ne7 6. a3 dxc4 7. Bxc4 Nd5 8. Nge2
Be7 9. O-O O-O 10. Ng3 Bg6 11. f4 Nxc3 12. bxc3 Nd7 13. f5 exf5 14. Nxf5 Nb6
15. Bb3 c5 16. Be3 c4 17. Bc2 Nd5 18. Bd2 Bg5 19. Be4 Bxf5 20. Rxf5 Be3+ 21.
Kh1 g6 22. Rf3 Bxd2 23. Qxd2 Rc8 24. Raf1 Rc7 25. Rf6 Rc6 26. R6f3 Rc7 27. Qf2
Kg7 28. Qg3 Re7 29. Rf6 Re6 30. Bxd5 Qxd5 31. Qf4 Rc6 32. h4 Rxf6 33. exf6+ Kh8
34. Re1 Qc6 35. d5 Qxd5 36. Qh6 Rg8 37. Re8 Qd1+ 38. Kh2 Qd6+ 39. g3 Qxf6 40.
Qe3 0-1

[Event "40º Torneo Internacional de Ajedrez de "]
[Site "La Roda (Albacete) - ESPAÑA"]
[Date "2013.03.31"]
[Round "9"]
[White "Escudero Manzano, Alejandro"]
[Black "Suba, Mihai"]
[Result "0-1"]
[WhiteElo "2216"]
[BlackElo "2414"]
[PlyCount "60"]
[EventDate "2013.03.27"]
[EventRounds "9"]
[EventCountry "ESP"]

1. e4 Nf6 2. e5 Nd5 3. d4 d6 4. Nf3 c6 5. Be2 Bg4 6. O-O Bxf3 7. Bxf3 dxe5 8.
dxe5 e6 9. Qe2 Nd7 10. c4 Ne7 11. Bg4 h5 12. Bxh5 Nf5 13. Bg4 Nd4 14. Qd1 Nxe5
15. Bh3 Rxh3 16. gxh3 Nef3+ 17. Kg2 Qc7 18. Rh1 O-O-O 19. Be3 Nf5 20. Qxd8+
Qxd8 21. Kxf3 Nxe3 22. Kxe3 Bc5+ 23. Ke2 Qd4 24. Nd2 Qxf2+ 25. Kd3 Qf5+ 26. Ke2
Qh5+ 27. Kd3 Qxh3+ 28. Kc2 Qf5+ 29. Kc3 Be7 30. Nb3 Bf6+ 0-1

[Event "40º Torneo Internacional de Ajedrez de "]
[Site "La Roda (Albacete) - ESPAÑA"]
[Date "2013.03.31"]
[Round "9"]
[White "Aguera Naredo, Javier"]
[Black "Saenz Narciso, Miguel Angel"]
[Result "1/2-1/2"]
[WhiteElo "2390"]
[BlackElo "2179"]
[PlyCount "30"]
[EventDate "2013.03.27"]
[EventRounds "9"]
[EventCountry "ESP"]

1. e4 c5 2. Nf3 g6 3. c4 Nc6 4. d4 cxd4 5. Nxd4 Nf6 6. Nc3 Nxd4 7. Qxd4 d6 8.
Be3 Bg7 9. f3 O-O 10. Qd2 Be6 11. Nd5 Nxd5 12. cxd5 Bd7 13. Bd3 b5 14. O-O Qb8
15. f4 f5 1/2-1/2

[Event "40º Torneo Internacional de Ajedrez de "]
[Site "La Roda (Albacete) - ESPAÑA"]
[Date "2013.03.31"]
[Round "9"]
[White "Santos Ruiz, Miguel"]
[Black "Kovacevic, Slobodan"]
[Result "1/2-1/2"]
[WhiteElo "2153"]
[BlackElo "2331"]
[PlyCount "110"]
[EventDate "2013.03.27"]
[EventRounds "9"]
[EventCountry "ESP"]

1. e4 c5 2. Nf3 e6 3. g3 Qc7 4. Bg2 Nf6 5. Qe2 Nc6 6. O-O d6 7. c3 e5 8. Rd1 a6
9. d4 b5 10. dxc5 dxc5 11. Bg5 Be7 12. Nbd2 Be6 13. Nf1 O-O 14. Bxf6 Bxf6 15.
Ne3 Rad8 16. h4 h6 17. Nd5 Bxd5 18. exd5 Na5 19. g4 g6 20. g5 hxg5 21. hxg5 Bg7
22. Nd2 Nb7 23. Ne4 Nd6 24. Rd3 c4 25. Rh3 Qc8 26. Nxd6 Rxd6 27. Qe3 Re8 28.
Be4 Qg4+ 29. Rg3 Qd7 30. Rd1 Bf8 31. Kg2 Be7 32. Rh1 Kg7 33. Qf3 Rg8 34. Kf1
Bd8 35. Qg2 Kf8 36. Rh7 Ke8 37. Qh1 Rf8 38. Rh8 Be7 39. Rf3 Rxd5 40. Bxd5 Qxd5
41. Re3 Qxh1+ 42. Rxh1 Bd6 43. Rh7 Ke7 44. Rf3 a5 45. Ke2 Bc7 46. Ke3 Bd8 47.
Rf6 Ke8 48. Ra6 Bxg5+ 49. Ke4 Bc1 50. Rh1 Bxb2 51. Rb1 Bxc3 52. Rxb5 Kd7 53.
Rb7+ Kc8 54. Raa7 f5+ 55. Ke3 Bb4 1/2-1/2

[Event "40º Torneo Internacional de Ajedrez de "]
[Site "La Roda (Albacete) - ESPAÑA"]
[Date "2013.03.31"]
[Round "9"]
[White "Montoliu Cervero, Francisco"]
[Black "Sanchez Dengra, Jose Maria"]
[Result "0-1"]
[WhiteElo "2249"]
[BlackElo "2082"]
[PlyCount "60"]
[EventDate "2013.03.27"]
[EventRounds "9"]
[EventCountry "ESP"]

1. e4 c5 2. Nf3 Nc6 3. d4 cxd4 4. Nxd4 e6 5. Nc3 d6 6. Be3 Nf6 7. f3 Be7 8. Qd2
O-O 9. O-O-O a6 10. g4 Nxd4 11. Bxd4 b5 12. Kb1 Bb7 13. g5 Nd7 14. h4 b4 15.
Ne2 a5 16. Nc1 Rc8 17. Bh3 Ne5 18. Qe2 Nc4 19. Rdg1 a4 20. g6 Bf6 21. gxf7+ Kh8
22. Qd3 Ba6 23. Qd1 Nxb2 24. Kxb2 Rc4 25. Bxf6 Qxf6+ 26. Kb1 a3 27. c3 Rxc3 28.
Qd2 Rxc1+ 29. Rxc1 Bd3+ 30. Rc2 Qb2# 0-1

[Event "40º Torneo Internacional de Ajedrez de "]
[Site "La Roda (Albacete) - ESPAÑA"]
[Date "2013.03.31"]
[Round "9"]
[White "Serna Lara, Sergio"]
[Black "Lopez Mulet, Inigo"]
[Result "1/2-1/2"]
[WhiteElo "2248"]
[BlackElo "2080"]
[PlyCount "72"]
[EventDate "2013.03.27"]
[EventRounds "9"]
[EventCountry "ESP"]

1. d4 Nf6 2. c4 e6 3. Nc3 Bb4 4. e3 O-O 5. Bd3 d5 6. a3 Bxc3+ 7. bxc3 dxc4 8.
Bxc4 c5 9. Nf3 Qc7 10. Be2 b6 11. O-O Nc6 12. dxc5 Na5 13. a4 Rd8 14. Qc2 Qxc5
15. Ba3 Qc7 16. Nd4 Nc4 17. Bxc4 Qxc4 18. Be7 Rd5 19. Bxf6 gxf6 20. Rfb1 Ba6
21. Rb4 Qd3 22. Qxd3 Bxd3 23. h3 Rc8 24. Nb5 a5 25. Rb3 Bc4 26. Rba3 Bxb5 27.
axb5 Rxb5 28. Rd1 Rbc5 29. Rd6 R5c6 30. Rd3 Kf8 31. Rb3 Ke7 32. Kf1 Rd8 33. Ke2
Rcd6 34. Rd4 Rxd4 35. cxd4 Rd6 36. Rb5 f5 1/2-1/2